| 000 -LEADER |
| fixed length control field |
02054cam a22003014a 4500 |
| 020 ## - INTERNATIONAL STANDARD BOOK NUMBER |
| ISBN |
9780387729695 |
| 020 ## - INTERNATIONAL STANDARD BOOK NUMBER |
| ISBN |
0387729690 |
| 020 ## - INTERNATIONAL STANDARD BOOK NUMBER |
| ISBN |
9789251058305 (FAO) |
| 020 ## - INTERNATIONAL STANDARD BOOK NUMBER |
| ISBN |
925105830X (FAO) |
| 040 ## - CATALOGING SOURCE |
| Transcribing agency |
UKM |
| 082 00 - DEWEY DECIMAL CLASSIFICATION NUMBER |
| Classification number |
333 SPR 2009 A077 Or. |
| 245 00 - TITLE STATEMENT |
| Title |
Payment for environmental services in agricultural landscapes : |
| Remainder of title |
economic policies and poverty reduction in developing countries / |
| 260 ## - PUBLICATION, DISTRIBUTION, ETC. (IMPRINT) |
| Place of publication |
Rome, Italy : |
| Name of publisher |
Food and Agriculture Organization of the United Nations ; |
| Place of publication |
[New York] : |
| Name of publisher |
Springer, |
| Year of publication |
c2009. |
| 300 ## - PHYSICAL DESCRIPTION |
| Number of Pages |
xvi, 283 p. : |
| Other physical details |
ill., maps ; |
| Dimensions |
25 cm. |
| 490 1# - SERIES STATEMENT |
| Series statement |
Natural resource management and policy ; |
| 520 ## - SUMMARY, ETC. |
| Summary, etc |
In recent years, development policy has responded to an increasing concern about natural resource degradation by setting up innovative payment for environmental services (PES) programs in developing countries. PES programs use market and institutional incentives in order to meet both environmental and poverty alleviation objectives. However, their optimal design, implications for the rural poor, and how these initiatives integrate into international treaties on global warming and biodiversity loss are still being discussed. This book addresses these issues by examining analytical tools, providing policy insights and stimulating debate on linkages between poverty alleviation and environmental protection. In particular, it turns attention towards the role of environmental services in agricultural landscapes as they provide a living for many poor in developing countries.--Publisher's description. |
| 650 #0 - SUBJECT ADDED ENTRY--TOPICAL TERM |
| Topical Term |
Agriculture and state |
| 650 #0 - SUBJECT ADDED ENTRY--TOPICAL TERM |
| Topical Term |
Agricultural industries |
| 650 #0 - SUBJECT ADDED ENTRY--TOPICAL TERM |
| Topical Term |
Agricultural industries |
| 650 #0 - SUBJECT ADDED ENTRY--TOPICAL TERM |
| Topical Term |
Sustainable agriculture |
| 650 #0 - SUBJECT ADDED ENTRY--TOPICAL TERM |
| Topical Term |
Poverty |
| 650 #0 - SUBJECT ADDED ENTRY--TOPICAL TERM |
| Topical Term |
Payments for ecosystem services |
| 700 1# - ADDED ENTRY--PERSONAL NAME |
| Personal name |
Lipper, Leslie. |
| 710 2# - ADDED ENTRY--CORPORATE NAME |
| Corporate name or jurisdiction name as entry element |
Food and Agriculture Organization of the United Nations. |
| 856 42 - ELECTRONIC LOCATION AND ACCESS |
| Uniform Resource Identifier |
http://www.loc.gov/catdir/enhancements/fy1002/2008939917-d.html |
| 856 41 - ELECTRONIC LOCATION AND ACCESS |
| Uniform Resource Identifier |
http://www.loc.gov/catdir/enhancements/fy1002/2008939917-t.html |
| 942 ## - ADDED ENTRY ELEMENTS (KOHA) |
| Koha item type |
សៀវភៅភាសាអង់គ្លេស |
| 952 ## - LOCATION AND ITEM INFORMATION (KOHA) |
| Withdrawn status [LOCAL, KOHA] |
0 |